00728nam a22001577a 450000500170000000800430001705000200006011101290008024501250020925000110033426000440034530000210038950400390041065000580044971000630050720231110123056.0231110b mx |||||||| |||| 00| 0 spa d04aKZ5670bZ8 19772 aConferencia de la revisión del tratado sobre la no proliferación de las armas nuclearesd(noviembre de 1976 :cMéxico)13aLa Conferencia de revisión del tratado sobre la no proliferación de las armas nucleares c/ Alfonso García Robles. a1a ed. aMéxico :bEl Colegio Nacional,c1977. a160 p. ;c24 cm. aIncluye bibliografía e índice. 72lembaArmas nucleares xNo proliferaciónvCongresos2 aOrganización de las Naciones Unidas. Comité de desarme